| 000 | 01317cam a2200325 a 4500 | ||
|---|---|---|---|
| 001 | 4396355 | ||
| 003 | NUST-PNEC | ||
| 005 | 20170116180714.0 | ||
| 008 | 920710s1994 flua b 001 0 eng | ||
| 010 | _a 92027383 | ||
| 020 | _a0849399084 | ||
| 040 | _cPNEC | ||
| 041 | 1 |
_aeng _hrus |
|
| 050 | 0 | 0 |
_aTA357 _b.I3413 1994 |
| 082 | 0 | 0 | _a620.106 IDE |
| 100 | 1 |
_aIdelchik, I.E. _9646 |
|
| 240 | 1 | 0 |
_aSpravochnik po gidravlicheskim soprotivlenii︠a︡m. _lEnglish |
| 245 | 1 | 0 |
_aHandbook of hydraulic resistance / _cI.E. Idelchik ; editor, M.O. Steinberg ; translated by Greta R. Malyavskaya ; translation editor, Oleg G. Martynenko. |
| 250 | _a3rd ed. | ||
| 260 |
_aBoca Raton, FL : _bCRC Press, _cc1994. |
||
| 300 |
_a790 p. : _bill. ; _c26 cm. |
||
| 500 | _aIncludes Index http://www.amazon.com/Handbook-Hydraulic-Resistance-I-Idelchik/dp/0849399084/ref=sr_1_1?s=books&ie=UTF8&qid=1413442213&sr=1-1&keywords=0849399084 | ||
| 504 | _aIncludes bibliographical references and index. | ||
| 650 | 0 |
_aFluid dynamics. _xME |
|
| 650 | 0 | _aFrictional resistance (Hydrodynamics) | |
| 700 | 1 | _aSteinberg, M. O. | |
| 906 |
_a7 _bcbc _corignew _d1 _eocip _f19 _gy-gencatlg |
||
| 942 |
_2ddc _cBK |
||
| 999 |
_c61088 _d61088 |
||